Spongebob Characters - Statistics

General Stats
  • This quiz has been taken 72 times
    69 since last reset
  • The average score is 24 of 91
Answer Stats
% Correct
Patrick Star
96%
Spongebob Squarepants
96%
Squidward Tentacles
92%
Gary The Snail
88%
Mr. Krabs
88%
Plankton
81%
Sandy Cheeks
81%
Mrs. Puff
77%
Barnacle Boy
73%
Dirty Bubble
73%
Larry The Lobster
73%
Larry the Snail
73%
Man-Ray
73%
Mermaid Man
69%
Pearl Krabs
62%
Karen
58%
King Neptune
58%
King Neptune (Movie)
58%
Fred
54%
Squilliam Fancyson
46%
Dennis
42%
Princess Mindy
42%
The Flying Dutchman
42%
Old Man Jenkins
38%
Patchy The Pirate
38%
Bubble Bass
35%
Perch Perkins
35%
Harold Squarepants
31%
Potty The Parrot
31%
Bubble Buddy
27%
Grandma Squarpants
27%
Margaret Squarpants
27%
Spot
27%
The Moth
27%
Cyclops
23%
Doodlebob
23%
Jim
23%
Stanley S. SquarePants
23%
Flats The Flounder
19%
Prince Triton
19%
BlackJack SquarePants
15%
King Poseidon
15%
Tattletale Strangler
15%
Atomic Flounder
12%
Burger-Beard the Pirate
12%
Clem Plankton
12%
David Hasselhoff
12%
Grandma Tentacles
12%
Kenny The Cat
12%
Mama Krabs
12%
Mrs. Tentacles
12%
Puffy Fluffy
12%
Sea Bear
12%
Barb
8%
Bubbles
8%
Captain Blue SquarePants
8%
Carl
8%
Cuddle E. Hugs
8%
El Diablo
8%
Hash Slinging Slasher
8%
Mr. Doodles
8%
Nosferatu
8%
Queen Amphitrite
8%
Sage
8%
Floyd
4%
Gene Scallop
4%
Gordon Plankton
4%
Grand Dad Plankton
4%
Grandpa Redbeard
4%
Granny Plankton
4%
Jack Kahuna Laguna
4%
Kevin C. Cucumber
4%
Lloyd
4%
Ma Plankton
4%
Mary the Snail
4%
Monty P. Moneybags
4%
Mr. Stinky
4%
Otto
4%
Santa Claus
4%
Slappy Laslo
4%
Angry Jack
0%
Ice Spice
0%
Ma Angler
0%
Master Udon
0%
Sergeant Roderick
0%
Sparky
0%
Sue Nahmee
0%
Suzie Groove
0%
The Warden
0%
Tony
0%
Victor
0%
No matching quizzes found
Score Distribution
Percent of People with Each Score
Percentile by Number Answered
Your Score History
You have not taken this quiz since the last reset